| 000 | 01864nam0a2200373 4500 | ||
|---|---|---|---|
| 001 | RU\NLR\bibl\364482 | ||
| 005 | 20250621161606.0 | ||
| 010 |
_a5-94879-035-5 _96000 |
||
| 021 |
_aRU _b2002-52706 _92554 |
||
| 035 | _a(NLR Aleph) 000359063 | ||
| 090 |
_a324057 _c324057 |
||
| 100 | _a20021226d2002 |||y0rusy50 ca | ||
| 101 | 0 | _arus | |
| 102 | _aRU | ||
| 105 | _ay ||||||||| | ||
| 200 | 1 |
_aКомментарий к земельному законодательству Российской Федерации _f[Правовое упр. Аппарата Гос. Думы Федер. Собр. РФ _gБархатов Максим Владиславович и др.] |
|
| 210 |
_aМ. _cЮрайт _cЮрайт-издат _d2002 |
||
| 215 |
_a614,[1] с. _d22 |
||
| 225 | 1 | _aПрофессиональные комментарии | |
| 604 |
_171001$aРоссийская Федерация _150011$aЗемельный кодекс$jКомментарии$2nlr_sh2$3RU\NLR\AUTH\661315814 _aРоссийская Федерация _tЗемельный кодекс _jКомментарии _92188711 _3RU\NLR\AUTH\661315814 |
||
| 606 | 0 |
_aЗемельный кодекс _jКомментарии _yРоссийская Федерация _92188713 _3RU\NLR\auth\661315815 |
|
| 610 | 0 | _aЗемельное законодательство Российской Федерации | |
| 675 |
_a349.4(470)(094.9) _v3 _zrus |
||
| 686 |
_a10.55 _2rugasnti |
||
| 686 |
_a67.407 _2rubbk |
||
| 686 | _aХ625-324.9(2Р) | ||
| 702 | 1 |
_aБархатов _bМ. В. _gМаксим Владиславович _4220 |
|
| 711 | 0 | 2 |
_aРоссийская Федерация. Гос. Дума. _bПравовое упр. _4220 |
| 801 | 0 |
_aRU _bRKP _c20021226 _gPSBO |
|
| 801 | 1 |
_aRU _bRKP _c20021226 |
|
| 801 | 2 |
_aRU _bNLR _c20090601 _grcr |
|
| 942 | _cBOOK | ||
| 980 | _aNB | ||